00759nam a22002057a 450000500170000001000140001702000260003103500130005703700130007008200120008310000290009524500920012426000360021627000770025230000220032965000220035194200260037399900170039995201370041620100811164538.0 aENG-99804 a9789380032863c250.00 aEN-83336 bDBAD/PUB a808.883 aGhosh, Bishwanath915714 aChai, Chai :btravels in places where you stop but never get off /cby Bishwanath Ghosh aChennaibTranquebar Pressc2009 bChennaia571, Poonamallee High Road, Kamaraj Bhavan, Aminjikaraie600029 a214p.c22cm (pbk) aTravelogve915715 2ddccENh808.883mGHO c41199d41199 001040718NFICaDBADbDBADd2010-08-11eDBAD/PUBg250.00l0o808.883 GHOpEN-83336r2010-08-11 00:00:00t1v250.00w2010-08-11yEN